01617cam a22003251 4500001001300000003000400013005001700017008004100034010001700075035002000092040001800112042001200130043001200142050001700154110006400171245007100235260003200306300013200338500013100470505033900601650003700940650005700977650004201034700003501076700004801111700002101159700002701180700002401207710006001231gs 39000125 DLC20260227111344.0850912s1938 mx ab 000 0 spa  ags 39000125  a(OCoLC)14045533 aDLCcMnUdDLC apremarc an-mx---00aQE203.H3bM42 aUniversidad Nacional de México.bInstituto de Geología.10aMemoria de la Comisión geológica del Valle del Mezquital, Hgo. aMéxico,bD.A.P.P.,c1938. axi, 239, [2] p., 1 .bincl. illus. (incl. plans) tables. 7 fold. maps (in separate envelope, laid in) diagrs. (1 fold.)c23cm. aAt head of title: Universidad nacional de México. Instituto de geología. Director del Instituto: Ing. Manuel Santillán.0 aFisiografía e hidrografía, por Luis Blásquez L.--Geología, por Luis Blásquez L. (Paleontología, por F. K. G. Müllerried)--Hidrogeología, por Luis Blásquez L.--Criaderos de minerales metálicos, por T. Flores.--Yacimientos minerales no-metálicos, por Raúl Lozano García.--Agrogeología, por Rafael Ortiz Mena. 0aGeologyzMexicozHidalgo (State) 0aMines and mineral resourceszMexicozHidalgo (State) 0aWater-supplyzMexicozHidalgo (State)2 aBlásquez Lopez, Luis,d1900-1 aMüllerried, Friedrich Karl Gustav,d1891-1 aFlores, Teodoro.2 aLozano Garcia, Raúl.2 aOrtiz Mena, Rafael.2 aComisión geológia del Valle del Mezquital, Hidalgo.